Statistics for U.S. States as Last Names

Click here to take the quiz!

General Stats

  • This quiz has been taken 80 times
  • The average score is 15 of 18

Answer Stats

#Surname% Correct
177,386Washington
97%
1,051Georgia
93%
3,589Maine
89%
154Texas
89%
742Florida
88%
118Kansas
87%
1,071Oregon
85%
2,650Colorado
83%
4,744Montana
83%
454Delaware
81%
426Virginia
81%
129Arizona
80%
125Nevada
76%
175Vermont
76%
201Arkansas
75%
360Tennessee
75%
390Maryland
73%
482Missouri
68%

Score Distribution

Percentile by Number Answered

Percent of People with Each Score

Your Score History

You have not taken this quiz